1290 1658 1020 1581 1448 1957 1952 1235 1509 1784 1412 1026 1809 1786 1698 1287 1037 1938 1804 1947 1400 1747 1767 1877 1352 1838 1617 1738 1822 1601 1840 1507 1833 1936 1964 1888 1785 1716 1617 1828 1252 1734 1529 1295 1996 1870 1784 1713 1821 1252 1530 1148 1776 1867 1457 1362 1359 1578 1568 1238 1770 1398 1484 1170 1759 1089 1564 1603 1102 1733 1163 1269 1190 1411 1721 1321 1757 1045 1830 1547 1640 1877 1875 1543 1949 1538 1371 1635 1654 1319 1695 1866 1360 1693 1127 1779 1877 1970 1135 BCNSPRNW ULIB Ver.6.0+V

เปลี่ยนเป็นภาษาไทย

Change to English
 แสดงรายละเอียดบรรณานุกรม
  กลับหน้าหลัก

Brief Record : Get Marc (ISO 2709) : E-mail record : QR code < ปิดหน้าต่าง
LEADER : 00000nam 2200000uu 4500
001    13399111958
003     ULIB
008    110712s2544||||th 000 0 tha d
020    9745344222
020    9789745344228
050  4 GF86^bพ799ร 2544
100 1  พีเวน, โจชัว
245 10 รอดตายในยามคับขัน =^bThe worst-case scenario survival handbook /^cJoshua Piven, David Borgenicht, ผู้เขียน ;กิตติกานต์ อิศระ, ผู้แปล
246 31 The worst-case scenario survival handbook
260    กรุงเทพฯ :^bซีเอ็ดยูเคชั่น,^c2544
300    172 หน้า :^bภาพประกอบ ;^c19 ซม.
650  0 Survival skills^xHandbooks, manuals, etc
650  4 ทักษะชีวิต^xคู่มือ
700 1  Piven, Joshua
700 1  Borgenicht, David
700 0  กิตติกานต์ อิศระ,^eผู้แปล
945    ^p90^l0^i014810
995    ทศพร
999 ^a ใช้งานได้ทุกระบบ
รายการนี้ยังไม่มีแท็ก
คุณยังไม่ได้ล็อกอิน คุณสามารถมีกิจกรรมร่วมกับเว็บไซต์ได้ แต่ต้องล็อกอินก่อน ::
  ล็อกอิน

รายการสื่อสารสนเทศ

ลำดับที่ ประเภท เลขเรียก/บาร์โค้ด สถานที่ สถานะ
- ไม่พบข้อมูล -

BibComment


ยังไม่เคยถูกคอมเมนท์

คอมเมนท์ทรัพยากรรายการนี้
  คอมเมนท์: รอดตายในยามคับขัน..


 Copyright 2026. Bcnsprnw @Library